| 000 | 02303nam a22002655a 4500 | ||
|---|---|---|---|
| 003 | OSt | ||
| 005 | 20180121115230.0 | ||
| 008 | 180121s2012 ua frb 000 0 ara d | ||
| 040 |
_aEG-ScBUE _bara _cEG-ScBUE |
||
| 043 | _af-ua--- | ||
| 082 | 0 | 4 |
_a345.6205 _bع ب د _222 |
| 100 | 1 | _aعبد المطلب، إيهاب. | |
| 245 | 1 | 2 |
_aالموسوعة الجنائية الحديثة في البطلان : _bمعلقا عليها بآراء الفقه وأحكام محكمة النقض منذ تاريخ إنشائها حتى عام 2008 م : أكثر من عشرة آلاف حكم : الأوصاف والتعليمات العامة للنيابات / _cإيهاب عبد المطلب. |
| 246 | 3 | 0 | _aبطلان |
| 250 | _aط. نادي القضاة. | ||
| 260 |
_aالقاهرة : _bالمركز القومي للإصدارات القانونية، _c2012. |
||
| 300 |
_a4 مج. ؛ _c24 سم. |
||
| 504 | _aيشتمل على إرجاعات ببليوجرافية. | ||
| 505 | 2 | _aمج. 1. تنظيم الخصومة - إنعقاد الخصومة - العلاقة بين الخصومة الجنائية والمدنية... أسباب البطلان الموضوعية - التمسك بالبطلان تصحيح البطلان. -- مج. 2. أوجه البطلان في إجراءات الاستدلال - السلطة المختصة بالاستدلال - التصرف في التهمة بعد الاستدلال... أنواع بطلان الاستجواب - آثار بطلان الاستجواب. -- مج. 3. بطلان إجراءات المحاكمة والحكم - السلطة المختصة بالمحاكمة - تشكيل القضاء... - إنسحاب المحامي من الدعوى - منع الخصم أو محامية من المرافعة. -- مج. 4. أثر العذر القهري في الإجراءات الجنائية - العذر القهري كسبب لطلب تأجيل الدعوى... - الصفة في الطعن ببطلان الاستدلال أو التحقيق الابتدائي - الصفة في الطعن بطلان المحاكمة أو الحكم. | |
| 541 |
_aدكتور أحمد حمد ؛ _cإهداء ؛ |
||
| 650 | 7 |
_aنظرية البطلان _zمصر _vدوائر معارف. _2BUEsh |
|
| 651 | _2BUEsh | ||
| 653 |
_bLLAAWW _cJanuary2018 |
||
| 942 | _2ddc | ||
| 999 |
_c25963 _d25935 |
||